Bekannte Persönlichkeiten aus Brandenburg - Statistiken

Allgemein
  • Dieses Quiz wurde 91 mal gespielt
  • Das Durchschnittsergebnis liegt bei 10 aus 20
Antwortstatistiken
Geburtsjahr Geburtsort Hinweis Person % Korrekt
1778 Lanz (Prignitz) Pädagoge und Turnvater Friedrich Ludwig Jahn
84%
1945 Nauen Schlagersänger ("Ein Bett im Kornfeld") Jürgen Drews
79%
1923 Brandenburg an der Havel Humorist, in einer Umfrage 2007 zum beliebtesten deutschen Komiker aller Zeiten gewählt, bekannt durch Filme, Sketche, Karikaturen usw. Loriot
76%
1819 Neuruppin Schriftsteller des Realismus (u.a. "Effi Briest", "Der Stechlin") Theodor Fontane
75%
1964 Treuenbrietzen Boxer, Olympiasieger, Welt- und Europameister Henry Maske
71%
1940 Schönefeld bei Luckenwalde politischer Aktivist, Wortführer der Studentenbewegung (60er-Jahre) Rudi Dutschke
68%
1944 Potsdam international erfolgreicher Modedesigner, Gründer zweier Mode- und Kosmetikfirmen (darunter Wunderkind) Wolfgang Joop
66%
1777 Frankfurt (Oder) Schriftsteller (u.a. "Der zerbrochene Krug", "Das Käthchen von Heilbronn") Heinrich von Kleist
65%
1973 Potsdam Entertainer, Schauspieler, Sänger ("Sexy Eis"), Komiker, Bürger Bürger Lars Dietrich
61%
1971 Luckenwalde Komikerin, verkörperte Cindy aus Marzahn Ilka Bessin
54%
1968 Bad Saarow-Pieskow Boxer, kämpfte u.a. gegen George Foreman um den Schwergewichts-WM-Titel Axel Schulz
51%
1962 Brandenburg an der Havel Kanutin, erfolgreichste deutsche Olympionikin und die zweiterfolgreichste Olympionikin überhaupt (8 Goldmedaillen) Birgit Fischer
46%
1970 Brandenburg an der Havel Sängerin (Silly) und Schauspielerin (Helen Dorn) Anna Loos
43%
1984 Cottbus Diskuswerfer, Olympiasieger, Welt- und Europameister Robert Harting
40%
1983 Schwedt (Oder) Schwimmerin, Olympiasiegerin, Welt- und Europameisterin, mehrfache Rekordhalterin Britta Steffen
26%
1980 Bernau bei Berlin Sängerin ("Rock My Life") und Schauspielerin (GZSZ) Jeanette Biedermann
26%
1956 Eisenhüttenstadt "Supergeil"-Sänger Friedrich Liechtenstein
18%
1970 Potsdam Schauspielerin ("Hagedorns Tochter", "Wir sind das Volk – Liebe kennt keine Grenzen") Anja Kling
15%
1891 Oranienburg Physiker, entwickelte die Koinzidenzmessung, wurde 1954 mit dem Nobelpreis ausgezeichnet Walther Bothe
5%
1815 Cottbus erste Berufsfotografin Deutschlands mit eigenem Fotoatelier Bertha Wehnert-Beckmann
4%
Keine übereinstimmenden Quizze gefunden
Verteilung der Resultate
Anzahl Personen mit jedem Resultat
Perzentil nach korrekt beantworteten Fragen
Ihre Resultats-Entwicklung
Sie haben dieses Quiz noch nicht gespielt